000
00308nam a22001337a 4500
999
_c
13224
_d
13224
020
_a
9788177583533
082
_a
621.3813
100
_a
Samuel Y. Liao
245
0
_a
Microwave Devices and Circuits
250
_a
3rd Edition
260
_a
New Delhi India
_b
Pearson
_c
2009
300
_a
561 pages
942
_c
BK